La teoría de la justicia de John Rawls

Enregistré dans:
Détails bibliographiques
Auteur principal: Martínez García, Jesús Ignacio (Auteur)
Format: Livre
Langue:espagnol
Publié: Madrid Centro de Estudios Constitucionales 1985
Édition:1a. ed
Collection:El Derecho y la Justicia, 4
Sujets:
Tags: Ajouter un tag
Pas de tags, Soyez le premier à ajouter un tag!

MARC

LEADER 00000cam a2200000 a 4500
001 UCV1167
003 CL-VaPUC
008 891115e19850000SP |||||||||||||||||spa|d
020 |a 8425907225 
082 0 4 |a 340.12  |b MAR  |2 21 
100 0 |a Martínez García, Jesús Ignacio  |e author  |9 295409 
245 1 3 |a La teoría de la justicia de John Rawls 
250 |a 1a. ed 
300 |a 210 p 
942 |c BK 
945 |d 19891115 00:00:00 
260 |a Madrid  |b Centro de Estudios Constitucionales  |c 1985 
600 0 7 |a RAWLS, JOHN  |2 CL-VaPUC  |9 256003 
650 0 |a Justicia   |9 255408 
650 0 |a Crítica e interpretación   |9 255042 
583 |a last modification  |c 20160714 08:40:23  |k Rodrigo Vera 
490 0 |a El Derecho y la Justicia, 4 
999 |c 209203  |d 209201 
952 |0 0  |1 0  |4 0  |6 340_120000000000000_MAR_1985  |7 0  |8 DER_TF  |9 184508  |a BIBDER  |b BIBDER  |d 2019-11-14  |i 2517698  |l 2  |m 4  |o 340.12 MAR 1985  |p 2517698  |r 2023-01-25  |s 2022-12-09  |w 2019-11-14  |x Ubicación 4to Piso  |y BK  |z Estos recursos deben solicitarse con anticipación  |k DER 
952 |0 0  |1 0  |3 erb  |4 0  |6 340_120000000000000_MAR_1985  |7 0  |8 A  |9 184509  |a FDOHBE  |b FDOHBE  |e Huesbe Llanos, Marco Antonio, 1934-  |i 5330246  |o 340.12 MAR 1985  |p 5330246  |r 2024-01-30  |w 2019-11-14  |y BK  |z Catalogado en:20160717  |k HBE